LEADER 01109nam--2200349---450- 001 990003189910203316 005 20090121150337.0 010 $a978-88-348-8433-1 035 $a000318991 035 $aUSA01000318991 035 $a(ALEPH)000318991USA01 035 $a000318991 100 $a20090121d2008----km-y0itay50------ba 101 $aita 102 $aIT 105 $a||||||||001yy 200 1 $a<> riforma dei fondi strutturali$eprospettive per il mercato del lavoro in Piemonte 210 $aTorino$cGiappichelli$d2008 215 $a209 p.$d24 cm 225 2 $aQuaderni del dipartimento di scienze giuridiche$v9 410 0$1001$12001$aQuaderni del dipartimento di scienze giuridiche$v9 606 0 $aFinanziamenti comunitari$xCasi[:] Piemonte$2BNCF 676 $a338.9451 700 1$aDORIA,$bFrancesca$0603054 801 0$aIT$bsalbc$gISBD 912 $a990003189910203316 951 $a338.945 DOR 1$b61805 G.$c338.945$d00210816 959 $aBK 969 $aGIU 979 $aCHIARA$b90$c20090121$lUSA01$h1503 996 $aRiforma dei fondi strutturali$91015880 997 $aUNISA LEADER 01620nas 2200529- 450 001 9910492125503321 005 20241204165609.0 011 $a2652-4740 035 $a(OCoLC)1137240177 035 $a(CKB)4100000012003221 035 $a(CONSER)--2023240260 035 $a(EXLCZ)994100000012003221 100 $a20200122a20209999 --- a 101 0 $aeng 135 $aur||||||||||| 181 $ctxt$2rdacontent 181 $csti$2rdacontent 182 $cc$2rdamedia 183 $acr$2rdacarrier 200 10$aIndex Journal 210 1$aSt Kilda, VIC :$cIndex,$d2020- 210 31$aMelbourne, Australia:$cPublished in association with the University of Melbourne 215 $a1 online resource 300 $aRefereed/Peer-reviewed 606 $aArt$xHistory$vPeriodicals 606 $aArt$zAustralia$vPeriodicals 606 $aArt$2fast$3(OCoLC)fst00815177 606 $aArt and history$2fast$3(OCoLC)fst00815396 606 $aArchitectural design$2fast$3(OCoLC)fst00813184 606 $aMuseums$2fast$3(OCoLC)fst01030128 607 $aAustralia$2fast$1https://id.oclc.org/worldcat/entity/E39QbtfRv8PPH7gCqhkJ8DK8bM 608 $aPeriodicals.$2fast 608 $aHistory.$2fast 608 $aSerial publications.$2lcgft 608 $aPeriodicals.$2lcgft 608 $aElectronic journals. 615 0$aArt$xHistory 615 0$aArt 615 7$aArt. 615 7$aArt and history. 615 7$aArchitectural design. 615 7$aMuseums. 676 $a709.994 906 $aJOURNAL 912 $a9910492125503321 996 $aIndex Journal$92838227 997 $aUNINA